000 00980nam a22002057a 4500
999 _c62031
_d62031
003 Ge_BSU
005 20240625110628.0
008 240625s1958 ge ||||| |||| 00| 0 geo d
041 _ageo
080 _a616-022.913.21 ბ-12
100 _aბაბუხადია, ვ.
_922570
245 _aშხამიანი გველის ნაკბენის კლინიკა და მკურნალობა /
_c ვ. ბაბუხადია, ს. ხაფავა; რედ. ე. თოდაძე.
264 _aთბ. :
_bსაბჭ. საქართველო,
_c1958.
300 _a32 გვ. :
_b6 ფ. ილ. ;
_c22 სმ.
504 _aბიბლიოგრ.: გვ. 31-32.
653 _aშხამიანი გველის ნაკბენი
700 _aხაფავა, ს.
_eავტორი
_922571
700 _aთოდაძე, ე.
_eრედაქტორი
_922572
942 _2udc
_cᲬᲘᲒᲜᲘ